La educación de la mujer (Record no. 43494)

MARC details
000 -LEADER
campo de control de longitud fija 00616nam a2200169 i 4500
001 - NÚMERO DE CONTROL
campo de control 43494
003 - IDENTIFICADOR DE NÚMERO DE CONTROL
campo de control ES-MaACL
005 - FECHA Y HORA DE LA ÚLTIMA TRANSACCIÓN
campo de control 20250807210530.0
007 - CAMPO FIJO DE DESCRIPCIÓN FÍSICA--INFORMACIÓN GENERAL
campo de control de longitud fija t|
008 - DATOS DE LONGITUD FIJA--INFORMACIÓN GENERAL
campo de control de longitud fija 030318s1869 sp ||||1| spa d
100 1# - ENTRADA PRINCIPAL--NOMBRE DE PERSONA
Nombre de persona Castro y Pérez, Francisco Javier de.
9 (RLIN) 36978
245 13 - MENCIÓN DEL TÍTULO
Título La educación de la mujer
Resto del título : discurso inaugural de las conferencias dominicales en la Universidad Central el 21 de febrero 1869 /
Mención de responsabilidad, etc. Francisco Javier de Castro y Pérez.
260 ## - PUBLICACIÓN, DISTRIBUCIÓN, ETC.
Lugar de publicación, distribución, etc. Madrid :
Nombre del editor, distribuidor, etc. [s.n.,
Fecha de publicación, distribución, etc. 1869] (
Fabricante Rivadeneyra)
650 #4 - PUNTO DE ACCESO ADICIONAL DE MATERIA--TÉRMINO DE MATERIA
Término de materia o nombre geográfico como elemento de entrada Mujeres-
Subdivisión general Educación
9 (RLIN) 12094
852 ## - LOCALIZACIÓN
Ubicación ES-MaACL
Número de control de estantería F-96-F-5
Holdings
Estatus retirado Estado de pérdida Estado de daño No para préstamo Colección Biblioteca de origen Biblioteca actual Ubicación en estantería Fecha de adquisición Fuente de adquisición Total de préstamos Signatura topográfica completa Código de barras Visto por última vez Precio de reemplazo Tipo de ítem Koha
        Libros del s. XIX Biblioteca del Ateneo de Madrid Biblioteca del Ateneo de Madrid Depósito folletos 17/01/2008     F-96-F-5 1045789 23/02/2023 23/02/2023 Libro impreso antiguo